000 00660nam a2200193 4500
001 137083
003 ES-MaACL
005 20241210140225.0
007 t|
008 070214s1970 sp r ||||1| spa d
100 1 _aSalvador, Leopoldo.
_9102073
245 1 3 _aEl aire iluminado /
_cLeopoldo Salvador ; prólogo de José María Pemán ; epílogo de Paulino Garagorri.
260 _aMadrid :
_bPrensa Española,
_c1970.
300 _a170 p., 2 lám. :
_bil. ;
_c19 cm.
700 1 _aPemán, José María,
_d1897-1981
_990130
700 1 _aGaragorri, Paulino,
_d1916-2007
_953911
852 _aES-MaACL
_jC-40555
_bR.73567
999 _c137083
_d137083